MARC

LEADER 00000nam0a2200000 4500
001 303431
005 20231102001613.0
035 |a (RuTPU)RU\TPU\book\328654 
090 |a 303431 
100 |a 20150902d1979 km y0rusy50 ca 
101 0 |a rus 
102 |a RU 
105 |a a z 001zy 
200 1 |a Монтаж проводов 35 кВ и выше  |f Д. Е. Виноградов 
210 |a Ленинград  |c Энергия  |d 1979 
215 |a 72 с.  |c ил. 
225 1 |a Библиотека электромонтера  |v Вып. 495 
320 |a Библиогр.: с. 69. 
606 1 |a Электрические провода  |x Прокладка и монтаж  |2 stltpush  |3 (RuTPU)RU\TPU\subj\27337  |9 51112 
610 1 |a подвески 
610 1 |a опоры 
610 1 |a грозозащитные тросы 
610 1 |a раскатка 
610 1 |a соединение 
610 1 |a подъем 
610 1 |a натяжение 
610 1 |a зажимы 
610 1 |a распорные фермы 
675 |a 621.315.3  |v 3 
700 1 |a Виноградов  |b Д. Е.  |g Дмитрий Евгеньевич 
801 1 |a RU  |b 63413507  |c 20150902 
801 2 |a RU  |b 63413507  |c 20160518  |g RCR 
942 |c BK